| 000 | 01122nmm a2200313 a 4500 | ||
|---|---|---|---|
| 001 | ocm0001520830 | ||
| 003 | TR-IsHL | ||
| 005 | 20201028163108.0 | ||
| 008 | 170206s2013 tu tur | ||
| 007 | cr cn | ||
| 020 | _a9789944742108 | ||
| 035 |
_a1520830 _b(N$T) |
||
| 050 | 0 | 4 |
_aBP183.3 _b.K34 2013 |
| 090 | 0 | 4 |
_aBP183.3 _b.K34 2013 |
| 100 | 1 | _ael-Kâhtânî, Said b. Ali | |
| 245 | 1 | 0 |
_aKur'an ve sünnette müslümanın sığınağı türkçe okunuşlu dua ve zikirler: hısnu'l-müslim" _h[electronic resource] / _cSaid b. Ali el-Kâhtânî ; terceme Harun Yıldırım |
| 250 | _a4. basım | ||
| 260 |
_aİstanbul : _bMercan Kitap, _c2013 |
||
| 300 | _a225 p. | ||
| 650 | 4 | _aFelsefe, Psikoloji ve Din | |
| 650 | 4 | _aPhilosophy, Psychology and Religion | |
| 650 | 0 |
_aDua _xİslamiyet |
|
| 650 | 0 |
_aPrayer _xIslam |
|
| 650 | 0 |
_aİslamiyet _xDualar ve ibadet |
|
| 650 | 0 |
_aIslam _xPrayers and devotions |
|
| 650 | 7 |
_aRELIGION / Prayerbooks / Islamic _2bisacsh |
|
| 700 | 1 | _aYıldırım, Harun | |
| 856 | 4 | 0 | _uhttp://search.ebscohost.com/login.aspx?direct=true&scope=site&db=e011xww&AN=1520830 |
| 999 |
_c15159 _d15159 |
||